Score 0/30 Timer 03:00
2 Plays Today
% Correct
Ben & Jerry's
91.4%
Wendy's
89%
Papa John's
88.6%
Orville Redenbacher
85.6%
Campbell's
85%
Oscar Mayer
83.8%
Sara Lee
83.5%
Hershey's
82%
Kellogg's
81.9%
Heinz
81.6%
Uncle Ben's
80.4%
Duncan Hines
78.7%
Cadbury's
78.3%
Baskin Robbins
78%
Chef Boyardee
76.3%
% Correct
Schwan's
76%
Smucker's
74.6%
McDonald's
71.9%
Smirnoff
71%
Guinness
69.4%
Folgers
67.9%
Heineken
65.8%
Arby's
65.3%
Hormel
61.3%
Dole
60.6%
Nestlé
54.8%
M&M's
43.6%
Mars
39%
Taco Bell
20.5%
Unilever
17.6%
Remove Ads.
Support Sporcle.
Get the best of Sporcle when you Go Orange. This ad-free experience offers more features, more stats, and more fun while also helping to support Sporcle. Thank you for becoming a member.

You're not logged in!

Compare scores with friends on all Sporcle quizzes.
OR
Log In

Show Comments

Extras

Top Quizzes Today


Score Distribution

Your Account Isn't Verified!

In order to create a playlist on Sporcle, you need to verify the email address you used during registration. Go to your Sporcle Settings to finish the process.

Report this User

Report this user for behavior that violates our Community Guidelines.

Details: